Historia de la filosofía

Gorde:
Xehetasun bibliografikoak
Formatua: Liburua
Hizkuntza:gaztelania
Argitaratua: Ciudad de México Siglo Veintiuno 1985
Edizioa:7a. ed
Gaiak:
Etiketak: Etiketa erantsi
Etiketarik gabe, Izan zaitez lehena erregistro honi etiketa jartzen!

MARC

LEADER 00000nam a2200000 a 4500
001 UCL1515
003 CL-VaPUC
008 030911e19850000MX |||||||||||||||||spa|d
020 |a 9682302218 obra completa 
020 |a 9682302242 v.3 
082 0 4 |a 109  |b HIS  |2 21 
245 1 0 |a Historia de la filosofía 
250 |a 7a. ed 
300 |a v 
942 |c BK 
945 |d 20030911 00:00:00  |a vberengu 
260 |a Ciudad de México  |b Siglo Veintiuno  |c 1985 
500 |a v.3: Del mundo romano al islam medieval. Roma. Bizancio. El neoplatonismo. La filosofía judía medieval. La filosofía islámica 
650 0 |a Historia de la filosofía  |9 256920 
583 |a last modification  |c 20030911 00:00:00  |k Rodrigo Vera 
999 |c 305051  |d 305049 
952 |0 0  |1 0  |4 0  |6 109_000000000000000_HIS_1985  |7 0  |8 A  |9 367998  |a BIBTEO  |b BIBTEO  |d 2019-11-21  |h v.3  |i 2077329  |o 109 HIS 1985  |p 2077329  |r 2025-01-17  |w 2019-11-21  |y BK  |k ICR